Análisis verbal del estilo: indices verbales de Cervantes, Avellanda y del autor de "La tía fingida"

Salvato in:
Dettagli Bibliografici
Autore principale: Val, M. Criado de
Natura: Libro
Lingua:Undetermined
Pubblicazione: Madrid, España Soler 1953
Soggetti:
Tags: Aggiungi Tag
Nessun Tag, puoi essere il primo ad aggiungerne!!

MARC

LEADER 00000nam a2200000Ia 4500
008 170316s9999 xx 000 0 und d
090 |a 801 V-1a 
100 |a Val, M. Criado de 
245 |a Análisis verbal del estilo: indices verbales de Cervantes, Avellanda y del autor de "La tía fingida" 
260 |a Madrid, España 
260 |b Soler 
260 |c 1953 
300 |a 129 páginas 
650 |a TEORÍA LITERARIA 
999 |c 20737  |d 20737 
040 |a cru BVZT 
942 |c 15 D  |h 801 V-1a  |2 z